Riconosci il Pokémon - Quiz n°295 - Statistics

Statistiche generali
  • Questo quiz è stato fatto 2 volte
  • Il punteggio medio è 7 su 10
Statistiche sulle risposte
Indizio Risposta % Corretto
Abilità Accendilotta
100%
Tipo Acciaio / Spettro
100%
Generazione Sesta
100%
Altezza 1,7 m
50%
Tasso di cattura 45 (11.9%)
50%
Sesso 50% ♂, 50% ♀
50%
Peso 53,0 kg
50%
Pokémon Aegislash
50%
Tasso di allevamento Medio-Veloce
50%
Stadio evoluzione Seconda evoluzione
50%
Nessun quiz corrispondente trovato
Distribuzione punteggi
Percentuale di utenti per punteggio
Percentile per numero di risposta
I tuoi punteggi nel tempo
Non hai fatto questo quiz